000 03927cam a2200961 a 4500
999 _c222
_d222
001 016260378
003 UkOxU
005 20190801145048.0
008 061106s2007 enk 001 0 eng
010 _a2006036630
020 _a9780195374636 (pbk)
035 _a(DLC)2006036630
035 _a(UkLCURL)982006036630
040 _aDLC
_cDLC
_dDLC
043 _ad------
049 _ll
_m%
050 0 0 _aHC79.P6
_bC634 2007
082 0 0 _a338.900 COL
_222
100 1 _aCollier, Paul.
_eauthor
245 1 4 _aThe bottom billion :
_bwhy the poorest countries are failing and what can be done about it /
_cPaul Collier.
260 _aOxford :
_bOxford University Press,
_c2007.
300 _axiii, 205 p. ;
_c24 cm.
504 _aIncludes bibliography (p. [193]-195) and index.
505 0 _aFalling behind and falling apart : the bottom billion -- The conflict trap -- The natural resource trap -- Landlocked with bad neighbors -- Bad governance in a small country -- On missing the boat : the marginalization of the bottom billion in the world economy -- Aid to the rescue? -- Military intervention -- Laws and charters -- Trade policy for reversing marginalization -- An agenda for action.
650 0 _aPoor
_zDeveloping countries.
650 0 _aPoverty
_zDeveloping countries
856 4 2 _3Contributor biographical information
_uhttp://www.loc.gov/catdir/enhancements/fy0723/2006036630-b.html
856 4 2 _3Publisher description
_uhttp://www.loc.gov/catdir/enhancements/fy0723/2006036630-d.html
856 4 1 _3Table of contents only
_uhttp://www.loc.gov/catdir/toc/ecip074/2006036630.html
942 _2ddc
_cNFIC